Management Information System (Record no. 46709)

MARC details
000 -LEADER
fixed length control field 00399nam a2200169Ia 4500
008 - FIXED-LENGTH DATA ELEMENTS--GENERAL INFORMATION
fixed length control field 230524s9999 xx 000 0 und d
020 ## - INTERNATIONAL STANDARD BOOK NUMBER
ISBN 81219149932
082 ## - DEWEY DECIMAL CLASSIFICATION NUMBER
Classification number 658.4
Item number GUP
100 ## - MAIN ENTRY--AUTHOR NAME
Personal name A.K.Gupta
245 #0 - TITLE STATEMENT
Title Management Information System
250 ## - EDITION STATEMENT
Edition statement 3RD
260 ## - PUBLICATION, DISTRIBUTION, ETC. (IMPRINT)
Place of publication NEW DELHI
Name of publisher S.Chand
Year of publication 2010
300 ## - PHYSICAL DESCRIPTION
Number of Pages VII;362
500 ## - GENERAL NOTE
General note Quantity Number: 2
650 ## - SUBJECT ADDED ENTRY--TOPICAL TERM
Topical Term Comp-Sc
942 ## - ADDED ENTRY ELEMENTS (KOHA)
Koha item type Books
Holdings
Lost status Damaged status Permanent Location Current Location Shelving location Date acquired Full call number Accession Number Koha item type
    Central Library, Trident Academy of Technology Central Library, Trident Academy of Technology General Stacks 05/24/2023 658.4 GUP 37583 Books
    Central Library, Trident Academy of Technology Central Library, Trident Academy of Technology General Stacks 05/24/2023 658.4 GUP 37584 Books
Trident Academy of Technology © 2023.
All rights reserved.                                                                                                                                                                                                        Designed by Team of Central Library .

Powered by Koha